Wszystkie Drużyny Premier League 19/20 - Statystyki

Ogólne statystyki
  • Ten quiz został rozwiązany 280 razy
  • Średni wynik to 14 z 20
Statystyki odpowiedzi
Hint Odpowiedź % Poprawnych
4 manchester city
99%
3 manchester united
99%
1 arsenal
96%
2 liverpool
96%
6 chelsea
95%
5 tottenham
94%
8 everton
77%
7 leicester
75%
20 Southampton
68%
10 wolverhampton
68%
17 aston villa
63%
11 crystal palace
62%
18 Watford
62%
13 burnley
57%
14 brighton
56%
12 newcastle united
56%
15 Bournemouth
55%
19 Norwich City
55%
9 sheffield united
52%
16 wet ham
2%
Nie znaleziono quizów pasujących do podanych kryteriów
Rozkład punktacji
Procent ludzi z każdym wynikiem
Percentyl według liczby udzielonych odpowiedzi
Twoja historia wyników
Nie rozwiązałeś tego quizu